=LDR 00000nam 2200000 4500 =001 INLIS000000000049168 =005 20200326063326 =035 ##$$a 0010-011700000000449 =008 200326################g##########0#ind## =020 ##$$a 978-602-317-023-4 =040 ##$$a NBPDMAT =082 ##$$a 297 .914 =090 ##$$a 297 .914 Umm t =100 ##$$a Ummul Rumaisha =245 1#$$a Tujuh puluh tujuh cahaya cinta di madinah : $b Kisah cinta paling mengharukan para sahabat /$c Ummul Rumaisha; Penyunting, syaiful m. h, Endang r., Erlina z =260 ##$$a Surakarta :$b Al - Qudwah publishing,$c 2015 =300 ##$$a 256 hlm . : $b ilus . ; $c 14, 5 x 20, 5 cm =500 ##$$a Bibliografi : hlm .254 -255 =500 ##$$a Biografi : hlm .256 =650 #4$$a Sahabat nabi =084 ##$$a 297 .914 UMM t =250 ##$$a Cet. 1 =990 ##$$a 21602780 =990 ##$$a 21602781 =990 ##$$a 21602782 =990 ##$$a 21602783 =990 ##$$a 21602784